| 000 | 01051nam a2200277 i 4500 | ||
|---|---|---|---|
| 001 | 195914 | ||
| 003 | ES-MaACL | ||
| 005 | 20250327063103.0 | ||
| 008 | 240802b2023 sp ||||| |||| 00| 0 spa d | ||
| 017 | _aMU 211-2023 | ||
| 040 |
_aES-MaACL _cES-MaACL |
||
| 100 | 0 |
_aCervantes, María Teresa, _937586 _d1931- |
|
| 245 |
_aVentana de Amanecer : _bpoesía / _cMaría Teresa Cervantes ; ilustraciones de Virginia Bernal |
||
| 250 | _aEdición no venal | ||
| 260 |
_aCartagena : _bAyuntamiento de Cartagena, _cmarzo de 2023. |
||
| 300 |
_a121 pág. ; _c18 cm |
||
| 336 |
_2rdacontent _aTexto |
||
| 337 |
_2rdamedia _asin mediación |
||
| 338 |
_2rdacarrier _avolumen |
||
| 655 | 7 |
_2tgfbne _9176539 _aPoesías |
|
| 852 |
_aES-MaACL _bR.154529 _cDEPOJ _jN-9034 _hDonación: Editorial _xEncuadernación: rústica con solapas _9204891 |
||
| 942 |
_cMONOGRAFIA _n0 |
||
| 954 | _iTatiana Alejandra de Castro Pérez | ||
| 999 |
_c195914 _d195914 |
||